Datum a čas kvízu
26.5
Celkem bodů
Celkový počet nahraných bodů na tomto kvízu bez doplňovacích otázek.
4.
Pořadí na kvízu
Konečné umístění týmu na tomto kvízu.
Zaznamenané odpovědi
| # | Otázka | Odpověď | Body | Výsledky |
|---|---|---|---|---|
| 1. | Ředitel pražské zoologické zah... | Miroslav Bobek | 1 | |
| 2. | Sarah Mullally stanula minulý... | o anglikánskou církev | 0 | |
| 3. | Minulý pátek vyšlo již 12. stu... | The Life of a Showgirl | 0 | |
| 4. | Od 1. října už není možné žáda... | Superdávka | 1 | |
| 5. | Ve kterém městě se odehrál UFC... | v Las Vegas | 1 | |
| 6. | Wikipedii s nejvyšší pravděpod... | z havajštiny | 0 | |
| 7. | Fanoušci kvízu občas jistě se... | D | 0 | |
| 8. | Dobrým zdrojem informací jsou... | Michal Suchánek, Richard Genzer | 0 | |
| 9. | Mnemotechnické pomůcky se hodí... | barvy duhy (pořadí) | 0 | |
| 10. | Někdy však k úspěchu v kvízu s... | 1C 2D 3B 4A | 1 |